[Event "ROM-chT2"]
[Site "Gilau"]
[Date "2018.10.09"]
[Round "3.3"]
[White "Torok, Francisco"]
[Black "Pit Rada, Mihail Cosmin"]
[Result "0-1"]
[WhiteElo "2106"]
[BlackElo "2094"]
[PlyCount "72"]
[EventDate "2018.10.07"]
[EventType "team-swiss"]
[EventRounds "9"]
[EventCountry "ROU"]
[SourceTitle "CBM 187 Extra"]
[Source "ChessBase"]
[SourceDate "2018.11.04"]
[SourceVersion "1"]
[SourceVersionDate "2018.11.04"]
[SourceQuality "1"]
[WhiteTeam "Ineu"]
[BlackTeam "Targoviste"]
[WhiteTeamCountry "ROU"]
[BlackTeamCountry "ROU"]

1. d4 Nf6 2. c4 g6 3. Nc3 Bg7 4. e4 d6 5. f3 c6 6. Be3 a6 7. a4 a5 8. Bd3 Na6 9. Nge2 Nb4 10. Rc1 e5 11. d5 Nd7 12. Bb1 Nc5 13. dxc6 bxc6 14. Bxc5 dxc5 15. Qxd8+ Kxd8 16. Rd1+ Kc7 17. Kf2 Be6 18. b3 h5 19. Nc1 f6 20. Nd3 Bf8 21. Ke2 Be7 22. Rd2 Rad8 23. Rhd1 Rd4 24. Na2 Nxa2 25. Bxa2 Rb8 26. Ne1 f5 27. exf5 gxf5 28. Nc2 Rxd2+ 29. Rxd2 Bg5 30. Ne3 h4 31. Rd1 Bf4 32. Rh1 Rg8 33. g3 hxg3 34. hxg3 Rxg3 35. Rh7+ Kd6 36. Kf2 e4 0-1

[Event "Miercurea Ciuc Bancpost op 19th"]
[Site "Miercurea Ciuc"]
[Date "2016.08.15"]
[Round "2"]
[White "Zlatea, Cezar Stelian"]
[Black "Torok, Francisco"]
[Result "0-1"]
[WhiteElo "1836"]
[BlackElo "2174"]
[PlyCount "82"]
[EventDate "2016.08.14"]
[EventType "swiss"]
[EventRounds "7"]
[EventCountry "ROU"]
[SourceTitle "EXT 2020"]
[Source "ChessBase"]
[SourceDate "2019.10.17"]
[SourceVersion "1"]
[SourceVersionDate "2019.10.17"]
[SourceQuality "1"]

1. e4 e6 2. d4 d5 3. Nc3 Bb4 4. e5 Ne7 5. Nf3 c5 6. a3 Bxc3+ 7. bxc3 Qa5 8. Bd2 c4 9. a4 Bd7 10. Ng5 h6 11. Qh5 g6 12. Qh3 b5 13. g4 bxa4 14. Bc1 Nbc6 15. Ke2 Kf8 16. Ba3 Kg7 17. Nxf7 Kxf7 18. Bg2 Kg7 19. Rhb1 Rab8 20. Qe3 Rhf8 21. h4 Qd8 22. Bd6 Rxb1 23. Rxb1 Bc8 24. Qc1 Rf7 25. Ra1 Bd7 26. Qe3 Nc8 27. Ba3 Qxh4 28. Bf3 Qd8 29. Rh1 g5 30. Bxd5 exd5 31. e6 Bxe6 32. Qxe6 Qf6 33. Qxd5 Qxf2+ 34. Kd1 Qf3+ 35. Qxf3 Rxf3 36. d5 Ne5 37. d6 Nb6 38. Re1 Kf6 39. Bc5 Nbd7 40. Bd4 Ke6 41. Bxe5 Nxe5 0-1

[Event "ROM-chT Div-A"]
[Site "Slanic Moldova"]
[Date "2011.10.08"]
[Round "8"]
[White "Daianu, Cristian Clement"]
[Black "Torok, Francisco"]
[Result "1-0"]
[WhiteElo "2235"]
[BlackElo "2214"]
[PlyCount "55"]
[EventDate "2011.10.03"]
[EventType "team-tourn"]
[EventRounds "9"]
[EventCountry "ROU"]
[SourceTitle "CBM 144 Extra"]
[Source "ChessBase"]
[SourceDate "2011.10.28"]
[SourceVersion "1"]
[SourceVersionDate "2011.10.28"]
[SourceQuality "1"]

1. e4 d5 2. exd5 Qxd5 3. d4 c6 4. Nf3 Nf6 5. c4 Qd6 6. Nc3 Bg4 7. Be2 Nbd7 8. Be3 e6 9. 0-0 Qc7 10. Rc1 Be7 11. h3 Bxf3 12. Bxf3 Nb6 13. Qe2 Rd8 14. Rfd1 0-0 15. d5 e5 16. d6 Rxd6 17. Rxd6 Bxd6 18. c5 Be7 19. cxb6 axb6 20. Bg5 h6 21. Bh4 Re8 22. Re1 Bd8 23. Bg3 Nd7 24. Rd1 f6 25. Bh5 Rf8 26. Bg6 Be7 27. Qg4 Nb8 28. Bf5 1-0

[Event "ROM-chT Div-A"]
[Site "Slanic Moldova"]
[Date "2011.10.06"]
[Round "6"]
[White "Istratescu, Andrei"]
[Black "Torok, Francisco"]
[Result "1-0"]
[WhiteElo "2650"]
[BlackElo "2214"]
[PlyCount "43"]
[EventDate "2011.10.03"]
[EventType "team-tourn"]
[EventRounds "9"]
[EventCountry "ROU"]
[SourceTitle "CBM 144 Extra"]
[Source "ChessBase"]
[SourceDate "2011.10.28"]
[SourceVersion "1"]
[SourceVersionDate "2011.10.28"]
[SourceQuality "1"]

1. e4 e6 2. d4 d5 3. Nc3 Nf6 4. Bg5 dxe4 5. Nxe4 Be7 6. Bxf6 Bxf6 7. Nf3 Nd7 8. Qd3 Nb6 9. 0-0-0 Bd7 10. h4 Bc6 11. c4 Qd7 12. Nxf6+ gxf6 13. d5 exd5 14. Re1+ Kd8 15. Qd4 Re8 16. Qxf6+ Kc8 17. Bd3 Qd8 18. Bf5+ Bd7 19. Rxe8 Qxe8 20. Re1 Qf8 21. Qg7 Qd8 22. Qxf7 1-0

[Event "ROM-chT Div-A"]
[Site "Slanic Moldova"]
[Date "2011.10.05"]
[Round "4"]
[White "Szabo, Gergely Andras"]
[Black "Torok, Francisco"]
[Result "1-0"]
[WhiteElo "2546"]
[BlackElo "2214"]
[PlyCount "47"]
[EventDate "2011.10.03"]
[EventType "team-tourn"]
[EventRounds "9"]
[EventCountry "ROU"]
[SourceTitle "CBM 144 Extra"]
[Source "ChessBase"]
[SourceDate "2011.10.28"]
[SourceVersion "1"]
[SourceVersionDate "2011.10.28"]
[SourceQuality "1"]

1. e4 c6 2. d4 d5 3. exd5 cxd5 4. c4 Nf6 5. Nc3 dxc4 6. Bxc4 e6 7. Nf3 Be7 8. 0-0 0-0 9. Qe2 Nc6 10. Be3 a6 11. Rad1 Nb4 12. Ne5 Nbd5 13. Bd3 Bd7 14. Bd2 Rc8 15. Nxd5 exd5 16. Rfe1 Re8 17. Bb1 Bd6 18. Bg5 Be7 19. Bxf6 Bxf6 20. Bxh7+ Kf8 21. Qh5 Be6 22. Bd3 Qc7 23. Re3 Ke7 24. Nxf7 1-0

[Event "ROM-chT Div-A"]
[Site "Slanic Moldova"]
[Date "2011.10.03"]
[Round "1"]
[White "Stanca, Adrian"]
[Black "Torok, Francisco"]
[Result "1/2-1/2"]
[WhiteElo "2253"]
[BlackElo "2214"]
[PlyCount "43"]
[EventDate "2011.10.03"]
[EventType "team-tourn"]
[EventRounds "9"]
[EventCountry "ROU"]
[SourceTitle "CBM 144 Extra"]
[Source "ChessBase"]
[SourceDate "2011.10.28"]
[SourceVersion "1"]
[SourceVersionDate "2011.10.28"]
[SourceQuality "1"]

1. e4 e6 2. Qe2 c5 3. g3 Nc6 4. Bg2 Nge7 5. Nf3 g6 6. d3 Bg7 7. g4 h5 8. h3 Qc7 9. Nc3 a6 10. Bg5 d6 11. gxh5 Rxh5 12. h4 Nd4 13. Nxd4 cxd4 14. Nd1 f6 15. Bc1 e5 16. Bf3 Rh8 17. h5 g5 18. c4 Be6 19. Bg4 Bxg4 20. Qxg4 Qd7 21. f3 Ng8 22. Nf2 1/2-1/2

[Event "ROM-ch"]
[Site "Amara"]
[Date "2007.02.17"]
[Round "3"]
[White "Clitan, Zaharia"]
[Black "Torok, Francisco"]
[Result "1/2-1/2"]
[WhiteElo "1980"]
[BlackElo "2230"]
[PlyCount "63"]
[EventDate "2007.02.16"]
[EventType "swiss"]
[EventRounds "9"]
[EventCountry "ROU"]
[SourceTitle "CBM 117 Extra"]
[Source "ChessBase"]
[SourceDate "2007.05.09"]
[SourceVersion "1"]
[SourceVersionDate "2007.05.09"]
[SourceQuality "1"]

1. d4 c5 2. d5 e5 3. c4 d6 4. e4 f5 5. exf5 Bxf5 6. Nc3 Nf6 7. Nge2 Be7 8. Ng3 Bg6 9. Bd3 Bxd3 10. Qxd3 Na6 11. a3 Nc7 12. 0-0 0-0 13. f3 a6 14. a4 b6 15. b3 Qd7 16. Be3 Rab8 17. Rfd1 a5 18. Rf1 Na6 19. Nce4 Nb4 20. Qb1 Nxe4 21. Nxe4 Qf5 22. Bd2 Qg6 23. Bxb4 axb4 24. Qd3 Ra8 25. Ra2 Rf7 26. Kh1 Qh6 27. Rfa1 Rf4 28. g3 Rf7 29. Kg2 Bd8 30. Rf2 Rd7 31. Qd2 Qg6 32. Qe3 1/2-1/2

[Event "ROM-chT"]
[Site "Baile Tusnad"]
[Date "2005.05.27"]
[Round "7"]
[White "Vajda, Levente"]
[Black "Torok, Francisco"]
[Result "1-0"]
[WhiteElo "2541"]
[BlackElo "2220"]
[PlyCount "43"]
[EventDate "2005.05.21"]
[EventType "team"]
[EventRounds "9"]
[EventCountry "ROU"]
[SourceTitle "CBM 106 Extra"]
[Source "ChessBase"]
[SourceDate "2005.07.01"]
[SourceVersion "1"]
[SourceVersionDate "2005.07.01"]
[SourceQuality "1"]

1. e4 d5 2. exd5 Qxd5 3. Nc3 Qa5 4. d4 Nf6 5. Bd2 c6 6. Bc4 Qd8 7. Nf3 Bf5 8. Ne5 e6 9. Qe2 Nbd7 10. 0-0-0 Nxe5 11. dxe5 Nd5 12. g4 Bg6 13. f4 h6 14. f5 Bh7 15. Rhf1 Qc7 16. Qf2 Bb4 17. Bxd5 exd5 18. Kb1 Ba5 19. Qh4 Qe7 20. Qxe7+ Kxe7 21. Nxd5+ cxd5 22. Bxa5 1-0

[Event "ROM-chT"]
[Site "Baile Tusnad"]
[Date "2005.05.24"]
[Round "4"]
[White "Torok, Francisco"]
[Black "Varga, Zoltan"]
[Result "0-1"]
[WhiteElo "2220"]
[BlackElo "2515"]
[PlyCount "62"]
[EventDate "2005.05.21"]
[EventType "team"]
[EventRounds "9"]
[EventCountry "ROU"]
[SourceTitle "CBM 106 Extra"]
[Source "ChessBase"]
[SourceDate "2005.07.01"]
[SourceVersion "1"]
[SourceVersionDate "2005.07.01"]
[SourceQuality "1"]

1. d4 d5 2. f4 Nh6 3. Nf3 Nf5 4. e3 g6 5. c4 e6 6. Nc3 Bg7 7. g4 Ne7 8. Bd2 a6 9. c5 Nbc6 10. a3 f6 11. g5 Nf5 12. Bd3 fxg5 13. Bxf5 exf5 14. Nxg5 h6 15. Nf3 Be6 16. Rg1 Bf7 17. Ne2 Qe7 18. Qc2 0-0-0 19. 0-0-0 Qe4 20. Qxe4 dxe4 21. Ne5 Bxe5 22. fxe5 g5 23. Ng3 Bg6 24. Rdf1 Nxd4 25. Bc3 Nb3+ 26. Kc2 Nxc5 27. Nxf5 Bh7 28. b4 Nd3 29. e6 Rhe8 30. Kb3 Nf4 31. Rd1 Rxd1 0-1

[Event "Erkel Memorial op"]
[Site "Gyula"]
[Date "2001.11.01"]
[Round "3"]
[White "Florescu, Codrut Constantin"]
[Black "Torok, Francisco"]
[Result "1-0"]
[WhiteElo "2355"]
[BlackElo "2225"]
[PlyCount "85"]
[EventDate "2001.10.30"]
[EventType "swiss"]
[EventRounds "9"]
[EventCountry "HUN"]
[SourceTitle "EXT 2008"]
[Source "ChessBase"]
[SourceDate "2007.11.25"]
[SourceVersion "1"]
[SourceVersionDate "2007.11.25"]
[SourceQuality "1"]

1. e4 d5 2. exd5 Qxd5 3. Nc3 Qa5 4. d4 Nf6 5. Nf3 c6 6. Bc4 Bg4 7. h3 Qh5 8. Be2 e6 9. 0-0 Bxf3 10. Bxf3 Qa5 11. Bf4 Be7 12. a3 0-0 13. b4 Qd8 14. Qd3 Nd5 15. Nxd5 cxd5 16. c4 Nc6 17. cxd5 exd5 18. b5 Na5 19. Rfe1 Bf6 20. Be5 Bg5 21. h4 Bh6 22. g4 Qxh4 23. Bg3 Qf6 24. Bxd5 Rad8 25. Qe4 Rd7 26. Rad1 g6 27. Ba2 Qg5 28. a4 Bg7 29. Re3 b6 30. d5 Nb7 31. d6 Nc5 32. Qc4 Qd8 33. Rde1 Bf6 34. R1e2 Kg7 35. a5 h6 36. a6 Bg5 37. Rf3 Qa8 38. Qd4+ Kg8 39. Bd5 Qc8 40. Rf6 Kh7 41. Re7 Bxf6 42. Qxf6 Nd3 43. Bxf7 1-0